Przedstawiciele rodziny kotowatych - Statystyki

Ogólne statystyki
  • Ten quiz został rozwiązany 47 razy
  • Średni wynik to 5 z 6
Statystyki odpowiedzi
Odpowiedź % Poprawnych
Lew
95%
Tygrys
93%
Gepard
89%
Puma
84%
Ryś
75%
Lampart
68%
Nie znaleziono quizów pasujących do podanych kryteriów
Rozkład punktacji
Procent ludzi z każdym wynikiem
Percentyl według liczby udzielonych odpowiedzi
Twoja historia wyników
Nie rozwiązałeś tego quizu